| 000 | 01213nam0a2200301 4500 | ||
|---|---|---|---|
| 001 | RU\NLR\BIBL_A\022673164 | ||
| 005 | 20260201125402.0 | ||
| 010 |
_a978-5-6054738-0-0 _966 |
||
| 035 | _a(NLR Aleph) 022673164 | ||
| 090 |
_a13539783 _c13539783 |
||
| 100 | _a20251126d2025 u y0rusy50 ca | ||
| 101 | 0 | _arus | |
| 102 | _aRU | ||
| 105 | _ac z 000gy | ||
| 181 | 0 |
_ai _baxxe |
|
| 182 | 0 | _an | |
| 200 | 1 |
_aВ плену загадочного мира _eсборник стихов _fТ. С. Балуева |
|
| 203 |
_aТекст _bвизуальный _cнепосредственный |
||
| 210 |
_aИваново _cИнформатика _d2025 |
||
| 215 |
_a63 с. _cцв. портр. _d21 |
||
| 327 | 1 | _aСодерж. циклы: Мир музыки ; В мирском потоке суеты ; Миром правит любовь ; Пленит природы красота ; Мы живём в непростое время ; Праздничные ; Разное | |
| 686 | 2 | _aШ6(2=Р)8-5 | |
| 700 | 1 |
_aБалуева _bТ. С. _gТатьяна Сергеевна |
|
| 942 | _cBOOK | ||
| 980 | _aNB | ||